000 00493nam a22001337a 4500
082 _a340
_bSOO
100 _aSoomro, Umair Ahmed & Adil, Muhammad Wahab
245 _aRegulating Social Media in Pakistan:
_bThe Need for Specialized Legislative Measures /
_cUmair Ahmed Soomro & Muhammad Wahab Adil
260 _aIslamabad :
_bNUST Law School,
_c2025.
300 _a48 p. ;
_c30 CM.
563 _aHBK.
856 _uhttp://10.250.8.41:8080/xmlui/handle/123456789/56165
942 _2ddc
_cPR
999 _c615620
_d615620